|
|
|
|
| LEADER |
02342nam a2200613 i 4500 |
| 001 |
nkc20233546469 |
| 003 |
CZ PrNK |
| 005 |
20231005132859.0 |
| 007 |
ta |
| 008 |
230906t20232023xr a e c 000 0dcze |
| 020 |
|
|
|a 978-80-7009-218-7
|q (brožováno)
|
| 040 |
|
|
|a BOA001
|b cze
|e rda
|
| 041 |
1 |
|
|a cze
|a eng
|h cze
|
| 043 |
|
|
|a e-xr---
|
| 045 |
|
|
|a x5x7
|
| 072 |
|
7 |
|a 73
|x Sochařství, keramika, porcelán, umělecké zpracování kovů
|2 Konspekt
|9 21
|
| 080 |
|
|
|a 730(437.3)
|2 MRF
|
| 080 |
|
|
|a 730.036/.038
|2 MRF
|
| 080 |
|
|
|a (437.3)
|2 MRF
|
| 080 |
|
|
|a (083.824)
|2 MRF
|
| 100 |
1 |
|
|a Kmentová, Eva,
|d 1928-1980
|7 jn99240000468
|4 art
|
| 245 |
1 |
0 |
|a Eva Kmentová /
|c texty Tomáš Pospiszyl ; překlad Stephan von Pohl
|
| 250 |
|
|
|a 1. vydání
|
| 264 |
|
1 |
|a Brno :
|b Dům umění města Brna, příspěvková organizace,
|c [2023]
|
| 264 |
|
4 |
|c ©2023
|
| 300 |
|
|
|a 37 stran :
|b ilustrace (převážně barevné) ;
|c 24 cm
|
| 336 |
|
|
|a text
|b txt
|2 rdacontent
|
| 336 |
|
|
|a statický obraz
|b sti
|2 rdacontent
|
| 337 |
|
|
|a bez média
|b n
|2 rdamedia
|
| 338 |
|
|
|a svazek
|b nc
|2 rdacarrier
|
| 500 |
|
|
|a Název z obálky
|
| 500 |
|
|
|a Vydáno ke stejnojmenné výstavě konané 23.8.-19.11.2023 v Domě umění města Brna
|
| 500 |
|
|
|a 700 výtisků
|
| 500 |
|
|
|a Životopisná data
|
| 546 |
|
|
|a Souběžný anglický text
|
| 600 |
1 |
7 |
|a Kmentová, Eva,
|d 1928-1980
|7 jn99240000468
|2 czenas
|
| 648 |
|
4 |
|a 1957-1975
|
| 648 |
|
7 |
|a 20. století
|7 ch460558
|2 czenas
|
| 650 |
0 |
7 |
|a české sochařství
|7 ph128152
|y 20. století
|2 czenas
|
| 650 |
0 |
7 |
|a moderní sochařství
|7 ph122941
|z Česko
|2 czenas
|
| 650 |
0 |
9 |
|a Czech sculpture
|y 20th century
|2 eczenas
|
| 650 |
0 |
9 |
|a modern sculpture
|z Czechia
|2 eczenas
|
| 655 |
|
7 |
|a katalogy výstav
|7 fd132536
|2 czenas
|
| 655 |
|
9 |
|a exhibition catalogs
|2 eczenas
|
| 700 |
1 |
|
|a Pospiszyl, Tomáš,
|d 1967-
|7 jo2004232821
|4 aut
|
| 700 |
1 |
|
|a Pohl, Stephan von,
|d 1971-
|7 xx0089596
|4 trl
|
| 710 |
2 |
|
|a Dům umění města Brna
|7 ko2002101743
|4 orm
|4 isb
|
| 910 |
2 |
|
|a BOA001
|b 2-1513.606
|
| 928 |
9 |
|
|a House of Arts Brno
|
| 990 |
|
|
|a BK
|
| 995 |
|
|
|a 11
|
| 991 |
|
|
|b 202309
|c NOV
|
| 996 |
6 |
|
|b 2610948183
|c 2-1513.606
|l MZK
|r Sklad / do 1 hodiny
|n 3
|p p.v.
|w 001938214
|u 000010
|a 1
|e BOA001
|j MZK50
|s P
|
| 996 |
7 |
|
|b 2610948184
|c 2-1513.606
|l MZK
|r Sklad / do 1 hodiny
|n 3
|p p.v.
|w 001938214
|u 000020
|a 1
|e BOA001
|j MZK50
|s A
|